000 00378nam a22001577a 4500
003 SGT
020 _a978-9387085190
082 _a611.03
_bO18F
100 _a Faruqi, Ahmad
245 _aOsteology for Dental Students
250 _a3rd
260 _aNEW DELHI
_bCBS PUBLISHERS AND DISTRIBUTORS PVT LTD
_c2018
300 _a1-182
650 _aOsteology
942 _2ddc
_cBK
_01
999 _c20936
_d20936